Vista normal
Vista MARC
Entrada Personal Name
Número de registros utilizados en: 1
001 - CONTROL NUMBER
- control field: 14128
003 - CONTROL NUMBER IDENTIFIER
- control field: DLC
005 - DATE AND TIME OF LATEST TRANSACTION
- control field: 20230502083829.0
008 - FIXED-LENGTH DATA ELEMENTS
- fixed length control field: 081020n| acannaabn |a aaa
010 ## - LIBRARY OF CONGRESS CONTROL NUMBER
- LC control number: n 2008070831
040 ## - CATALOGING SOURCE
- Original cataloging agency: DLC
- Language of cataloging: spa
- Transcribing agency: DLC
- Modifying agency: Mx-PuUPA
- Description conventions: rda
100 1# - HEADING--PERSONAL NAME
- Personal name: Alvarado Garibaldi, Salvador,
375 ## - GENDER
- Gender: hombre
377 ## - ASSOCIATED LANGUAGE
- Language code: spa
400 1# - SEE FROM TRACING--PERSONAL NAME
- Personal name: Garibaldi, Salvador Alvarado
670 ## - SOURCE DATA FOUND
- Source citation: Alvarado Garibaldi, Salvador. Apuntes para el análisis del estado, 2008:
- Information found: t.p. (Salvador Alvarado Garibaldi) p. 4 of cover (doctoral candidate, pub. admin., IESAP [i.e. Inst. de Estudios Superiores en Administración Pública, Mexico City?]; prof., ENTS [i.e. Esc. Nac. de Trabajo Social, Mexico?])